Marathitil- Koshvangmai (Record no. 16833)

MARC details
000 -LEADER
fixed length control field 00350nam a2200145Ia 4500
082 ## - DEWEY DECIMAL CLASSIFICATION NUMBER
Classification number TK.0025
100 ## - MAIN ENTRY--AUTHOR NAME
Personal name Kulkarni, Vasant Vishnu
245 #0 - TITLE STATEMENT
Title Marathitil- Koshvangmai
260 ## - PUBLICATION, DISTRIBUTION, ETC. (IMPRINT)
Year of publication 1976
Name of publisher Nagpur University
300 ## - PHYSICAL DESCRIPTION
Number of Pages 946p.
650 ## - SUBJECT ADDED ENTRY--TOPICAL TERM
Topical Term REFERENCE BOOKS, MARATHI
710 ## - ADDED ENTRY--CORPORATE NAME
Corporate name or jurisdiction name as entry element Shridhar Pandit
710 ## - ADDED ENTRY--CORPORATE NAME
Corporate name or jurisdiction name as entry element Bhawani Shankar
942 ## - ADDED ENTRY ELEMENTS (KOHA)
Koha item type Thesis
Source of classification or shelving scheme Dewey Decimal Classification
Holdings
Withdrawn status Lost status Damaged status Not for loan Home library Current library Date acquired Full call number Accession Number Price effective from Koha item type
        NASSDOC Library NASSDOC Library 08/10/2004 TK.0025 10500 18/04/2019 Thesis